000 00666nam a2200229 a 4500
999 _c4341
_d4341
001 4341
003 BD-JhCC
005 20220914105452.0
008 171005s2011 bg |||| |||| 000 0 beg d
020 _a9847012001806
035 _a(BD-JhCC)
040 _aBD-JhCC
_dBD-JhCC
041 _abeg
082 _a920
_bPAR 2011
100 _aপারভেজ, খসরু
245 _aএস এম সুলতান /
_cখসরু পারভেজ
260 _aঢাকাঃ
_bকথাপ্রকাশ,
_c২০১১।
300 _a48 p.;
_c22 cm
490 _aজীবনী গ্রন্থমালা
650 _aBiography
942 _2ddc
_cBK